[Event "Moscow Aeroflot op-A"]
[Site "Moscow"]
[Date "2006.02.14"]
[Round "7"]
[White "Kuzubov, Yuriy"]
[Black "Timofeev, Artyom"]
[Result "0-1"]
[WhiteElo "2544"]
[BlackElo "2653"]
[Annotator "Mikhalevski,V"]
[PlyCount "44"]
[EventDate "2006.02.08"]
[EventType "swiss"]
[EventRounds "9"]
[EventCountry "RUS"]
[SourceTitle "CBM 112"]
[Source "ChessBase"]
[SourceDate "2006.06.07"]
[SourceVersion "1"]
[SourceVersionDate "2006.06.07"]
[SourceQuality "1"]

{This game is a good example of the opening catastrophe.} 1. d4 d5 2. c4 e6 3.
Nf3 Nf6 4. Qc2 $6 {The first step in the wrong direction. White can't fight
for the opening advantage this way.} c5 $1 {In contrary to White Black starts
to fight for initiative from the very beginning.} 5. g3 $6 {An attempt to
transpose to the Catalan with the queen on c2 is not such a good idea.} (5.
dxc5 {is better with an approximately equal position in the following game.}
Bxc5 6. cxd5 Qb6 7. e3 exd5 8. Nc3 O-O 9. Be2 Nc6 10. O-O $11 {1/2-1/2
Mchedlishvili,M-Novikov,I/Beersheba 2005/CBM 110 no vc (40)}) 5... Nc6 $1 {
[%csl Rd4] Underlining the unfortunate position of White's Qc2.} 6. Bg2 {
White gives up a central pawn hoping to finish the development and then wins
it back. However he hardly executes the first part of this plan.} (6. cxd5 Nxd4
(6... Qxd5) 7. Nxd4 cxd4 8. Qa4+ (8. Bg2 $5 Nxd5 9. O-O $15) 8... Bd7 9. Qxd4
Rc8 10. Nc3 Bc5 11. Qd3 Qb6 $1 12. e3 (12. Qf3 exd5 $17) 12... Nxd5 $1 13. Nxd5
exd5 $17 {[%csl Re1] In both cases Black is better thanks to a big development
advantage.}) 6... cxd4 7. O-O Be7 $1 8. Bf4 {White is trying to make the move
e5 difficult.} ({An attempt to return the pawn by means of} 8. Rd1 {doesn't
reach the goal. Black is better prepared for the tactical battle.} dxc4 9. e3
O-O $1 10. Nxd4 ({In cae of} 10. Qxc4 e5 $1 11. exd4 {Black has a pleasant
choice between} e4 $5 ({and} 11... Bg4 $5 12. h3 Bxf3 13. Bxf3 Nxd4 14. Bxb7
Rb8 15. Bg2 Qa5 $17 {[%cal Gf8c8,Gd4b3]}) 12. Ng5 Bg4 13. f3 exf3 14. Nxf3 Qb6
$1 $17) 10... Nb4 $1 11. Qxc4 e5 {[%csl Rd1,Rd4]} 12. Bd2 $8 Bg4 $1 {[%csl Rd1]
[%cal Ga8c8]} 13. f3 Rc8 14. Qb3 exd4 15. Bxb4 (15. fxg4 $2 Nc2 $19 {[%csl Ra1]
}) 15... Be6 16. Bxe7 (16. Qa3 Bxb4 17. Qxb4 Nd5 $1 {[%csl Rb4,Re3]} 18. Qxd4
Nxe3 $1 19. Qxd8 Rfxd8 20. Rxd8+ Rxd8 21. Nc3 Nxg2 22. Kxg2 Rd2+ 23. Kg1 Rxb2
$19) 16... Bxb3 17. Bxd8 Bxd1 18. Bxf6 gxf6 19. Na3 Ba4 20. exd4 Rfd8 21. b3
Bc6 22. Rd1 Bd5 $19) 8... O-O 9. Rd1 Bd7 $5 {A clever way to fight for
initiative and development at the same time.} (9... dxc4 $5 {would also be
enough for keeping an extra pawn.} 10. Ne5 Nxe5 (10... Bd7 $5 11. Qxc4 Rc8 $17)
11. Bxe5 Qa5 12. Bxd4 e5 13. Bc3 Qc7 14. Nd2 Bg4 15. Ne4 Nd7 16. h3 Be6 $17)
10. Nxd4 $2 {This natural move turns out to be a decisive mistake.} (10. cxd5 {
was necessary.} Nxd5 11. Nxd4 Nxd4 12. Rxd4 Qb6 (12... Rc8 13. Nc3 Bf6 14. Rdd1
Nxf4 15. gxf4 Qc7 $15) 13. Rd1 Nxf4 14. gxf4 Bc6 15. Bxc6 Rac8 $15) 10... Nxd4
11. Rxd4 Bc5 12. Rd1 Ng4 $1 {[%csl Rf2] Black exploits his development
advantage.} 13. Rf1 Qb6 $1 {[%csl Rf2] Hard to believe, but this direct attack
of the f2-pawn turns out to be decisive.} 14. e4 $8 {The only way to prolong
the game.} ({In case of} 14. e3 e5 {[%csl Rf4] the dark-squared bishop gets
trapped.} 15. Bg5 h6 16. h3 (16. Bh4 g5 $19 {[%csl Rh4]}) 16... Nxf2 17. Kxf2 (
17. Rxf2 hxg5 $19 {[%csl Re3][%cal Gc5e3]}) 17... d4 $1 18. Qb3 hxg5 $19) 14...
e5 $1 15. Bc1 f5 $1 {White gets no time to breath, while Black's play is
simply strong.} 16. Nc3 {A sad necessity. Eventually White develops the knight,
the move which could be done instead of 4.Qc2.} (16. exd5 f4 $1 {[%csl Rf2]}
17. gxf4 exf4 $19 {[%cal Gf4f3]}) (16. exf5 $2 {is even worse. White can't
protect the f2-point.} Bxf5 17. Bxd5+ Kh8 18. Qb3 Bxf2+ 19. Kh1 Qg6 {[%cal
Gf5e4]} 20. Nd2 Bd3 {[%csl Rf1]} 21. Rd1 Bxg3 $1 $19 {[%csl Rh1]}) 16... dxe4
$19 {Black has won a pawn, while White's task hadn't become easier.} 17. Nd5
Qd6 $1 18. Bg5 {[%cal Gg5e7]} Rae8 19. Rad1 {[%csl Rd6][%cal Gd5f6,Gd5e7]} Qg6
20. Bc1 ({Doesn't leave hopes} 20. Nc7 Bc6 21. Nxe8 Qxg5 22. Nc7 f4 $1 {
[%csl Rf2][%cal Gf4g3]} 23. Ne6 (23. b4 fxg3 24. bxc5 Qh4 25. h3 gxf2+ 26. Kh1
Qg3 $19 {[%cal Gg3h2]}) 23... Qh6 {[%csl Re6,Rh2]} 24. h3 Qxe6 25. hxg4 fxg3
$19 {[%csl Rf2,Rg1][%cal Ge6h6,Gh6h2]}) 20... f4 $1 21. b4 $2 {Loses on the
spot.} (21. gxf4 {doesn't save, but at least prolongs the battle.} Qh5 22. h3
Nxf2 23. Rxf2 Bxh3 $1 24. Be3 Bxe3 25. Nxe3 exf4 26. Bxh3 Qxh3 $19 {[%csl Rg1]
and four connected passed pawns plus a vulnerable position of the white king
promise Black an easy win.}) (21. Bxe4 Qh5 {[%csl Rh2]} 22. h4 fxg3 $19) 21...
Qh5 $1 {Now it's over.} 22. h3 fxg3 {An easy win and a great feel of
initiative of the young Russian.} (22... fxg3 23. bxc5 gxf2+ 24. Rxf2 (24. Kh1
Rf3 $1 $19 {[%csl Rh1][%cal Gf3h3]}) 24... Nxf2 $19 {[%csl Rd1][%cal Gf2h3]})
0-1

[Event "UKR-ch 73rd 3rd-4th"]
[Site "Kharkov"]
[Date "2004.09.01"]
[Round "5.1"]
[White "Moiseenko, Alexander"]
[Black "Goloshchapov, Alexander"]
[Result "1-0"]
[WhiteElo "2640"]
[BlackElo "2577"]
[Annotator "Mikhalevski,V"]
[PlyCount "93"]
[EventDate "2004.08.03"]
[EventType "match"]
[EventRounds "2"]
[EventCountry "UKR"]
[SourceTitle "CBM 103"]
[Source "ChessBase"]
[SourceDate "2004.11.11"]
[SourceVersion "1"]
[SourceVersionDate "2004.11.11"]
[SourceQuality "1"]

1. d4 d5 2. c4 e6 3. Nf3 Nf6 4. e3 Nbd7 5. Nbd2 b6 6. cxd5 $5 {An interesting
attempt to exploit the early b6.} ({In the preceding games white tested only} 
6. Bd3 Bb7 7. O-O Bd6 (7... Ne4 8. b3 Bd6 9. Bb2 O-O 10. Qc2 f5 {0-1 Delander,
A-Jugow,A/Rheda-Wiedenbrueck 2001/EXT 2002 (34)}) 8. Qc2 O-O (8... dxc4 9. Nxc4
Bxf3 10. Nxd6+ cxd6 11. gxf3 O-O 12. Bd2 e5 13. Rac1 Qe7 14. Bf5 $14 {1-0
Matlak,M-Georgiev,V/Odorheiu Secuiesc 1995/CBM 47 (19). (18)}) 9. e4 dxe4 10.
Nxe4 Be7 11. Re1 c5 12. b3 $6 Nxe4 $6 (12... cxd4 $1 13. Nxd4 Nc5 14. Nxc5 Bxc5
$15) 13. Bxe4 $11 {1-0 Martin Canfran,R-Oms Fuentes,L/Barcelona 2001/EXT 2002 
(35)}) 6... exd5 7. Bb5 {[%csl Rc6]} Bb7 8. Ne5 Bd6 9. Qa4 {With the last few
moves White succeeded to prevent castling. However the question is whether
White ready for such an activity when all other pieces are passive?} c5 $5 (
9... a6 {deserved a serious attention.} 10. Nxd7 $1 ({Worse is} 10. Bc6 Bxc6
11. Nxc6 Qc8 12. Nf3 O-O 13. Bd2 Nb8 14. Rc1 Qd7 {and Black doesn't seem to
experience problems.}) 10... Nxd7 11. Bc6 Qc8 $1 (11... Bxc6 $2 {loses a pawn:}
12. Qxc6 {[%csl Rd5]}) 12. e4 $1 (12. O-O $5) 12... dxe4 13. Nxe4 b5 14. Qc2 {
and White obtaines a slight advantage thanks to a weakness of the c6-square.})
10. Nxd7 Nxd7 11. dxc5 Bxc5 $6 {I see no reason to create a weak pawn on d5 .}
(11... bxc5 {was more natural and better:} 12. e4 ({Now} 12. Qg4 {is not
dangerous in view of} g6 13. O-O (13. e4 $5) 13... a6 14. Ba4 f5 15. Qh3 O-O
$15 {and Black unpins the knight.}) 12... d4 ({Also interesting a computer-like
} 12... Qe7 $5 13. Bc6 O-O-O) 13. Nc4 Bc7 {with a6 to follow and Black has
good chances to equalize the position.}) 12. Qg4 Ke7 {An interesting idea to
unpin the d7-knight.} (12... g6 {leads to a clear advantage for White after}
13. b4 $1 f5 14. Qf4 Be7 15. Bb2 O-O 16. Rc1 {and weaknesses in the Black's
position can be seen by a naked eye.}) (12... Bf8 {might be the best move in
the position, but it's almost impossible for a human being to make such a move.
}) 13. b4 $5 {Avoiding complications which could arise after} (13. Qxg7 Rg8 $5
(13... Qg8 {is not enough in view of} 14. Qg3 $1 ({But not} 14. Qxg8 $2 Rhxg8
15. Rg1 d4 $1 $132 {and Black obtains counterplay.})) 14. Qxh7 Rxg2 {and
although I believe that White is better, he still has to deal with some
counterplay.}) 13... Nf6 $1 14. Qh4 Bd6 15. Bb2 Kf8 $1 {[%cal Gf6e4]} 16. O-O (
16. Qd4 $5 {Preventing Ne4.}) 16... h5 $5 {Black prepares manouevre of the
king rook to g6.} ({An alternative} 16... Ne4 {also deserved a serious
attention.} 17. Qg4 $1 (17. Qxd8+ {doesn't promise any advantage:} Rxd8 18.
Nxe4 dxe4 19. Rfd1 f6 $11) 17... Qg5 (17... Nxd2 $4 18. Qxg7+ Ke7 19. Qf6+) 18.
Qxg5 Nxg5 19. a3 $14 {and the weakness of the d5-pawn promises White a slight,
but long-term advantage.}) 17. Bxf6 $5 {A good practical decision. The arising
endgame will be slightly better for White as all black pawns are weak.} Qxf6
18. Qxf6 gxf6 19. a3 {White is ready to block the d-pawn by means of Nf3-d4.}
d4 {Black sacrifices a pawn in order to open his light-squared bishop. A
typical idea in the positions with a weak pawn on d5. However the game shows
that Black's compensation is not sufficient.} (19... f5 $1 {was strong trying
to trade one of the doubled pawns immediately.} 20. Rac1 (20. Nf3 f4) (20. g3
f4 21. exf4 Rg8 $1 $44) 20... f4 $1) 20. exd4 Rg8 (20... Rd8 $5) 21. g3 h4 22.
Rac1 Bf4 $6 23. Rfd1 Rd8 24. Kf1 $1 hxg3 25. hxg3 Bb8 26. Bc6 $1 {White is
ready to sacrifice a pawn, but in exchange he wants to trade the light-squared
bishop getting a "good" knight vs a "bad" bishop.} (26. Nb3 f5 27. Bc6 Bc8 (
27... Bxc6 28. Rxc6 {leaves Black with a pawn down without any compensation.})
28. Rc3 f4 29. gxf4 Bxf4 {with some counterchances thanks to a bishop pair.})
26... Bxc6 27. Rxc6 Rxd4 28. Ke2 $1 {The point of previous play. White is
intending to trade a pair of rooks with Nc4 and then to obtain a very nice
square f5 for his knight.} ({In case of} 28. Rxf6 $2 Kg7 29. Rf3 Rgd8 {White
can't unpin his knight.}) ({Exchange of an active rook is less clear.} 28. Rc8+
Kg7 29. Rxg8+ Kxg8) 28... Ke7 ({or} 28... Kg7 29. Nc4 {[%csl Rb8,Rf5][%cal
Gc4e3]}) 29. Nc4 {[%csl Rb8,Rf5][%cal Gc4e3]} Rxd1 30. Kxd1 Rd8+ $2 {Black
misses his chance to trade one of the weak pawns.} (30... f5 $1 {[%cal Gf5f4]
would yield much more chances for escape than the game.} 31. Ke2 (31. Ne3 Rd8+
32. Ke2 f4) 31... f4) 31. Ke2 $16 {[%cal Gc4e3]} Rd7 {The rook will be passive
here.} ({Now} 31... f5 {[%cal Gf5f4] can be met by} 32. f4 $1 {Nevertheless it
was worth trying. For example playing} Rg8 33. Kf2 Rd8 34. Ne3 Rd2+ 35. Ke1 Ra2
$16 {Black at least would activate the rook.}) 32. Ne3 $1 {[%csl Rf5][%cal
Ge3f5]} Be5 33. f4 Bb2 34. a4 Kd8 35. b5 Re7 (35... Rd4 $5 36. Nc4 $16 {
[%cal Ge2e3]}) 36. Kf3 Kd7 $2 {Black loses almost by force.} (36... Rd7 $16 {
was necessary.}) 37. Nc4 $1 {Suddenly there is no a good square for the bishop.
} Ba1 (37... Bc3 {is met by} 38. Nxb6+ axb6 39. Rxc3 $18) 38. Rd6+ Ke8 ({Or} 
38... Kc8 39. Rd1 Bc3 40. Rc1 Bd4 41. Nxb6+ $18 {and White wins.}) 39. Rd1 $1
Bc3 {The only square again.} (39... Rc7 $2 {doesn't work in view of a nice
manoeuvre of the white knight:} 40. Nd6+ Ke7 41. Nf5+ Ke6 42. Ng7+ {[%cal
Gd1a1]} Ke7 43. Rxa1 $18) 40. Nd6+ $1 Kf8 41. Nf5 Re8 42. Rd7 $18 {White
obtained a position of his dream. All his pieces are much better than black
ones and occupy the best squares. Black is hopeless.} Ra8 43. Nh6 Kg7 44. Nxf7
a6 45. Nd6+ Kg8 ({Or} 45... Kg6 46. g4 $1 axb5 47. Nf5 $1 {[%cal Gd7g7]} Rg8
48. Ne7+) 46. Kg4 $1 {[%cal Gg4f5,Gf5g6] Now the king comes into attack and
after} axb5 47. axb5 {Black ceases resistance as he doesn't have a signle
chance to save the game. A very interesting fighting game.} 1-0

[Event "Montreal-A 5th"]
[Site "Montreal"]
[Date "2004.08.06"]
[Round "3"]
[White "Roussel Roozmon, Thomas"]
[Black "Huzman, Alexander"]
[Result "0-1"]
[WhiteElo "2451"]
[BlackElo "2588"]
[Annotator "Mikhalevski,V"]
[PlyCount "60"]
[EventDate "2004.08.04"]
[EventType "tourn"]
[EventRounds "11"]
[EventCountry "CAN"]
[EventCategory "12"]
[SourceTitle "CBM 103"]
[Source "ChessBase"]
[SourceDate "2004.11.11"]
[SourceVersion "1"]
[SourceVersionDate "2004.11.11"]
[SourceQuality "1"]

1. d4 d5 2. c4 c6 3. Nf3 e6 4. Qc2 Nf6 5. g3 dxc4 6. Qxc4 b5 7. Qc2 Bb7 8. Bg2
Nbd7 9. a4 $6 (9. Ne5 {preventing c5, was commented in the CBM99. See
Yakovich-Brodsky, Noyabrsk 2003[Mikhalevski,V]}) ({Other options are} 9. O-O) (
9. Bg5) (9. Nc3) 9... c5 $1 {Underlining pointlessness of 9.a4.} 10. O-O ({
I believe if White played 9.a4 he had to proceed with} 10. axb5 cxd4 {[%csl
Rg2]} 11. O-O {See Timman-Lautier Sigeman&Co 1999/CBM72[Lautier].}) 10... b4
11. a5 $6 {Also this move doesn't seem to have much sense.} ({The detailed
analyses of} 11. Nbd2 {as well as of the preceding part of the game can be
found in the CBM100. See Meister-Graf, GER-ch 2004[Roiz].}) ({Also} 11. Bg5 $5
{as in Damljanovic-Pavlovic, Herceg Novi Mimoza op 2002 makes more sense,
although it can't promise any advantage.} Rc8 12. Nbd2 Be7 13. Qd3 O-O {
with approximate equality.}) 11... Rc8 $1 {Freeing the a8-square for the
bishop and creating a threat of cxd4.} 12. Qd1 ({More chances for equality
promises} 12. dxc5 Bxc5 $5 (12... Rxc5 {led to a repetition of moves in the
following game:} 13. Qa4 Bc6 14. Qa2 Bd5 15. Qa4 Bc6 16. Qa2 Bd5 17. Qa4 {
1/2-1/2 Zhu Chen-Vera,R/Ubeda 1998/CBM 62 ext (17).}) 13. Qa4 (13. Qd1 O-O 14.
Nbd2 Qe7 15. Nb3 Rfd8 16. Qe1 Bd6 $15 {0-1 Kulikov,A-Najer,E/St Petersburg
2000/EXT 2001 (28)}) 13... O-O 14. Nbd2 Qc7 $15 {1-0 Gavrilov,A-Belikov,V/
Moscow 1995/EXT 2000 (41). (40)}) 12... Be7 $1 {White already starts to
experience problems.} 13. Nbd2 $2 {It seems that Thomas misses Black's reply.
Otherwise he would either have tried to exchange the c5-pawn or to develop the
dark-squared bishop.} ({The only preceding game saw} 13. b3 O-O 14. Bb2 cxd4
15. Nxd4 Bxg2 16. Kxg2 Nc5 17. Nd2 Qd7 $15 {0-1 Olarasu,G-Ioseliani,N/Warsaw
1999/EXT 2000 (36) and Black is clearly better.}) (13. dxc5 $142) 13... c4 $1
$17 {Having control over the a8-h1 diagonal Black takes space on the queenside.
Now it seems that White has nothing better, but to return to b1, trying to
develop the dark-squared bishop.} 14. Ne1 {An attepmt to make at least some
exchanges makes sense when you're lack of space, however in this case it
doesn't bring a relief.} (14. Nb1 $5) 14... Qc7 15. Ndf3 {Regrouping the
knights this way White prepared Bf4.} ({After} 15. Bxb7 Qxb7 16. Ndf3 O-O $17 {
Black is in full control. He has an extra pawn on the queenside and also the
light squares are in his hands.}) 15... Bd6 $1 {Aimed against Bf4.} 16. Nc2 O-O
17. Qe1 (17. Bd2 {would force Black to recapture on c3 with the b-pawn however
the position is still difficult for White.} c3 18. bxc3 bxc3 19. Bg5 Be4 $1 $17
) 17... c3 18. bxc3 Qxc3 $1 ({Worse is} 18... bxc3 19. Ba3 {Trading the
dark-squared bishop White obtains more chances for successful defense.}) 19.
Qxc3 Rxc3 20. Ne3 Ba6 $5 21. Re1 Rfc8 22. Bd2 (22. Bb2 $5 R3c7 23. Nd2) 22...
Ra3 23. Kf1 {Protecting the e2-pawn.} ({In case of} 23. Rxa3 bxa3 {Black
obtains a very strong passer on a3.}) 23... Ne4 24. Reb1 Rxa1 ({Immediate} 
24... b3 $1 {was even more precise.} 25. Rxa3 Bxa3 $19 {[%cal Gb3b2,Gc8c1]} {
and the b3-pawn is untouchable} 26. Rxb3 $4 {in view of} Nxd2+ 27. Nxd2 Rc1+)
25. Rxa1 b3 26. Ke1 (26. Rb1 {leads to 24...b3-line after} Ba3 $1 $19) ({
Doesn't help} 26. Bc1 Bb4 27. Bb2 Bc3 $1 28. Rb1 Bxa5 $19) 26... b2 27. Rb1 Ba3
$19 {Rc1 is coming.} 28. Ne5 Nxd2 29. Kxd2 Nxe5 30. dxe5 Rc1 {An easy win for
Black. White has to look for better ideas in the opening!} (30... Rc1 {White
resigned as after} 31. Be4 {he gets mated:} Bb4#) 0-1